LEADER 02248oas 2200937 a 450 001 9910141095703321 005 20260218111426.0 011 $a2090-6552 035 $a(OCoLC)775745230 035 $a(CONSER) 2012233068 035 $a(CKB)2670000000108319 035 $a(MiFhGG)13NZ 035 $a(DE-599)ZDB2664417-4 035 $a(DE-599)2664417-4 035 $a(EXLCZ)992670000000108319 100 $a20120210a20119999 uy a 101 0 $aeng 135 $aur||||||||||| 181 $ctxt$2rdacontent 182 $cc$2rdamedia 183 $acr$2rdacarrier 200 00$aCase reports in genetics 210 $aNew York, NY $cHindawi Publishing Corporation$dİ2011- 210 21$a[London] :$c[Hindawi] 210 31$a[Hoboken, NJ] :$cJohn Wiley & Sons Ltd. 215 $a1 online resource 225 0 $aForward series$v<2024- > 300 $aRefereed/Peer-reviewed 311 08$a2090-6544 531 0 $aCase rep. genet. 606 $aGenetics$vPeriodicals 606 $aGenetics$vCase studies$vPeriodicals 606 $aGenetics 606 $aGenetic Phenomena 606 $aGenetics$2fast$3(OCoLC)fst00940117 608 $aPeriodical. 608 $aCase Reports. 608 $aFulltext. 608 $aPeriodicals. 608 $aCase studies.$2fast 608 $aPeriodicals.$2fast 608 $aPeriodicals.$2lcgft 615 0$aGenetics 615 0$aGenetics 615 12$aGenetics. 615 22$aGenetic Phenomena. 615 7$aGenetics. 676 $a576.5 801 0$bHNK 801 1$bHNK 801 2$bGUA 801 2$bNLM 801 2$bAU@ 801 2$bTXA 801 2$bOCLCQ 801 2$bCUS 801 2$bOCLCF 801 2$bCUS 801 2$bOCLCO 801 2$bOCLCQ 801 2$bOCLCO 801 2$bOCLCQ 801 2$bCASUM 801 2$bOCLCO 801 2$bOCLCA 801 2$bDLC 801 2$bOCLCA 801 2$bUKMGB 801 2$bVT2 801 2$bUAB 801 2$bOCLCQ 801 2$bBWN 801 2$bOCLCQ 801 2$bUBY 801 2$bOCLCQ 801 2$bAUD 801 2$bDLC 906 $aJOURNAL 912 $a9910141095703321 996 $aCase reports in genetics$92166799 997 $aUNINA